header

Social work diagnosis in contemporary practice (Record no. 102024)

MARC details
000 -LEADER
fixed length control field 01294nam a22003374a 4500
082 04 - DEWEY DECIMAL CLASSIFICATION NUMBER
Classification number 361.3/2
245 00 - TITLE STATEMENT
Title Social work diagnosis in contemporary practice
260 ## - PUBLICATION, DISTRIBUTION, ETC. (IMPRINT)
Place of publication New York, N.Y. :
Name of publisher Oxford University Press,
Year of publication 2005.
300 ## - PHYSICAL DESCRIPTION
Number of Pages xix, 826 p.
650 #0 - SUBJECT ADDED ENTRY--TOPICAL TERM
Topical Term Social service.
Topical Term Social case work.
Topical Term Counselor and client.
Topical Term Psychiatric social work.
Topical Term Medical social work.
700 1# - ADDED ENTRY--PERSONAL NAME
Personal name Turner, Francis J.
856 40 - ELECTRONIC LOCATION AND ACCESS
Uniform Resource Identifier http://site.ebrary.com/lib/rucke/Doc?id=10103570

No items available.

© 2026 Rongo University
Contact us: librarian | system librarian | Rongo university